| 000 | 00774nam a2200205Ia 4500 | ||
|---|---|---|---|
| 003 | LDD | ||
| 008 | 190117s9999 xx 000 0 und d | ||
| 020 | _c₹4400 | ||
| 040 | _cLDD | ||
| 041 | _ahi | ||
| 082 | _a8H0.09 द्वि6806ह-2 | ||
| 100 | _aद्विवेदी,हजारी प्रसाद | ||
| 245 | 0 |
_aहजारी प्रसाद द्विवेदी ग्रंथा _cहजारी प्रसाद द्विवेदी |
|
| 250 | _aद्वितीय | ||
| 260 |
_aनई दिल्ली _bराजकमल प्रकाशन _c1998 |
||
| 300 | _a11 भाग | ||
| 901 | _aHBC | ||
| 904 | _aReqst by : Parakh, Jawarimal (Dr.) | ||
| 942 |
_2ddc _cH |
||
| 999 |
_c161755 _d161755 |
||